Która to dzielnica Gdyni? - Statystyki

Ogólne statystyki
  • Ten quiz został rozwiązany 61 razy
  • Średni wynik to 10 z 12
Statystyki odpowiedzi
Obrazkowy Odpowiedź % Poprawnych
Śródmieście
95%
Chylonia
93%
Cisowa
93%
Obłuże
93%
Oksywie
93%
Orłowo
93%
Grabówek
88%
Wielki Kack
85%
Działki Leśne
78%
Karwiny
78%
Kamienna Góra
75%
Witomino
75%
Nie znaleziono quizów pasujących do podanych kryteriów
Rozkład punktacji
Procent ludzi z każdym wynikiem
Percentyl według liczby udzielonych odpowiedzi
Twoja historia wyników
Nie rozwiązałeś tego quizu